000 00502ntaaa2200193 4500
003 01
005 20251027202254.0
008 0714s1973 ag 01
040 _aAR-BaBN
_bspa
_cAR-BaBN
_eaacr
_dRIC
082 _a270.1200 K53
100 _aKidd, B.J.
_912683
245 _aThe roman primacy to A.D. 461
250 _a1 ed.
260 _aLondon :
_bSPCK,
_cc1936
300 _a159 p
500 _aIncludes the roman church to St. Leo the Great, 467
650 _ahistoria eclesiƔstica
942 _cBK
999 _c17523
_d17523